Singers Who Also Act - Statistics

General Stats
  • This quiz has been taken 106 times
  • The average score is 14 of 20
Answer Stats
Songs Films Artists % Correct
Poker Face/Papparazi A Star Is Born Lady Gaga
99%
I Will Always Love You/How Will I Know? Waiting To Exhale/The Bodyguard Whitney Houston
94%
Jenny From The Blockl/Love Don't Cost A Thing Monster-In-Law/Selena Jennifer Lopez
93%
I Got You Babe/ If I Could Turn Back Time Moonstruck/Mask Cher
92%
Holiday/Like A Virgin Evita/Desperately Seeking Susan Madonna
90%
Wrecking Ball/Party In The U.S.A. The Last Song/Black Mirror Miley Cyrus
90%
Dream Girls/The Lion King Single Ladies/Drunk In Love Beyonce
85%
Over The Rainbow/I Got Rhythm The Wizard of Oz/A Star Is Born Judy Garland
83%
Umbrellla/Work Ocean's 8/Battleship Rihanna
83%
Sexy Back/Cry Me A River The Social Network/Bad Teacher Justin Timberlake
81%
La Vida Loca/She Bangs The Assassination of Gianni Versace Ricky Martin
79%
My Favorite Things/Do-Re-Mi The Sound of Music/Victor,Victoria Julie Andrews
77%
My Way/New York, New York Guys and Dolls/From Here To Eternity Frank Sinatra
75%
People/You Don’t Bring Me Flowers A Star Is Born/Meet The Fockers Barbra Streisand
70%
Cabaret/The Man I Love Arthur/Cabaret Liza Minnelli
68%
Spotlight/I Got This Dream Girls/Winnie Mandela Jennifer Hudson
54%
American Woman/Fly Away The Hunger Games/Precious Lenny Kravitz
37%
Big Spender/I'm A Brass Band Terms of Endearment/Steel Magnolias Shirley MacLaine
30%
Kings and Queens/The Kill Suicide Squad/American Psycho Jared Leto
29%
Ready Or Not/If I Ruled the World Sister Act Lauryn Hill
27%
No matching quizzes found
Score Distribution
Percent of People with Each Score
Percentile by Number Answered
Your Score History
You have not taken this quiz